000 00795nam a2200253Ia 4500
003 OSt
005 20220912151428.0
006 a|||||r|||| 00| 0
007 ta
008 220909b |||||||| |||| 00| 0 eng d
024 _a25183
037 _cTextual
040 _aCSL
_beng
_cCSL
041 _aeng
082 _aB9:2p1,N77, L9
100 _aHalmos F Ed.
111 _aInternational symposium on optimization of design and computation of control networks (1977 : Sopron)
245 0 _aProceedings on optimization of design and computation of control networks
260 _aBudapest
_bAkademial Kiado
_c1979
300 _a732p.
_ccm.
700 _a Somogyi J Ed.
942 _hB9:2p1,N77, L9
_cTEXL
_2CC
999 _c68423
_d68423